000
00294nam a2200085Ia 4500
008
160609s9999 xx 000 0 und d
245
_a
Media development indicators: a framework for assessing media development
260
_c
2008
856
_u
http://unesdoc.unesco.org/images/0016/001631/163102e.pdf
999
_c
295699
_d
295699